000 00341nam a22001337a 4500
008 250424b |||||||| |||| 00| 0 eng d
020 _a0815732023
050 _aHD9502
_b.E54
100 _aGOODWIN, Cranfurd D.
245 _aEnergy Policy in Perspective: Today Problems
260 _aU.S.A
_bGoodwin
_cNIL
300 _axx, 728p.
942 _cBK
999 _c3135
_d3135